Nê-bít-đắc

Spremljeno u:
Bibliografski detalji
Glavni autor: Berdy Kerbabaev
Format: Knjiga
Jezik:Undetermined
Izdano: Matxcơva Cầu Vồng 1983
Teme:
Oznake: Dodaj oznaku
Bez oznaka, Budi prvi tko označuje ovaj zapis!
Thư viện lưu trữ: Trung tâm Học liệu Trường Đại học Cần Thơ
LEADER 00441nam a2200169Ia 4500
001 CTU_15890
008 210402s9999 xx 000 0 und d
082 |a 891.743 
082 |b K25 
100 |a Berdy Kerbabaev 
245 0 |a Nê-bít-đắc 
245 0 |c Berdy Kerbabaev 
260 |a Matxcơva 
260 |b Cầu Vồng 
260 |c 1983 
650 |a russian fiction 
980 |a Trung tâm Học liệu Trường Đại học Cần Thơ